Central Library OPAC University of Rajshahi

Compulsory acquisition of land in India and Pakistan : (Record no. 47385)

MARC details
000 -LEADER
fixed length control field 00961nam a2200253 4500
001 - CONTROL NUMBER
control field 47385
003 - CONTROL NUMBER IDENTIFIER
rucl marc code BD-RjUL
005 - DATE AND TIME OF LATEST TRANSACTION
control field 20211209054314.0
008 - FIXED-LENGTH DATA ELEMENTS--GENERAL INFORMATION
fixed length control field 160808s1958 ii 001 0 eng
035 ## - SYSTEM CONTROL NUMBER
System control number (BD-RjUL)47504
040 ## - CATALOGING SOURCE
Original cataloging agency DLC
Transcribing agency CarP
Modifying agency BD-RjUL
Language of cataloging eng
041 ## - LANGUAGE CODE
Language code of text/sound track or separate title eng
082 ## - DEWEY DECIMAL CLASSIFICATION NUMBER
Edition number 23
Classification number 343.540252
Author mark and year AGC 1958
100 11 - MAIN ENTRY--PERSONAL NAME
Personal name Aggarawala, Om Prakash
Dates associated with a name 1905-
9 (RLIN) 142190
245 11 - TITLE STATEMENT
Title Compulsory acquisition of land in India and Pakistan :
Remainder of title being an exhaustive, critical and analytical commentary on the Acquisition of land act, 1 of 1894 and allied acts /
Statement of responsibility, etc. Om Prakash, Aggarawala,
250 ## - EDITION STATEMENT
Edition statement 3rd ed.
260 ## - PUBLICATION, DISTRIBUTION, ETC. (IMPRINT)
Place of publication, distribution, etc. Allahabad :
Name of publisher, distributor, etc. University Book Agency,
Date of publication, distribution, etc. 1958
300 ## - PHYSICAL DESCRIPTION
Pagination xiii, 674 p. ;
Size 25 cm.
650 #0 - SUBJECT ADDED ENTRY--TOPICAL TERM
Topical term or geographic name as entry element Eminent domain
Geographic subdivision India.
9 (RLIN) 144146
710 1# - ADDED ENTRY--CORPORATE NAME
Corporate name or jurisdiction name as entry element Pakistan.
Form subheading Laws, statutes, etc.
Title of a work Land acquisition act, 1894. [from old catalog]
9 (RLIN) 144147
942 ## - ADDED ENTRY ELEMENTS (KOHA)
Source of classification or shelving scheme Dewey Decimal Classification
Koha item type Books
Holdings
Lost status Source of classification or shelving scheme Damaged status Not for loan Collection code Permanent Location Current Location Shelving location Date acquired Source of acquisition Cost, normal purchase price Total Checkouts Full call number Date last seen Copy number Koha item type
  Dewey Decimal Classification     Non-fiction Central Library, University of Rajshahi Central Library, University of Rajshahi   12/01/1962 Rajshahi orient library 31.80   343.540252 AGC 1958 08/08/2016 C-2 Books